| 000 | 00641nam 22002173 4500 | ||
|---|---|---|---|
| 001 | 202813 | ||
| 090 | _a202813 | ||
| 100 | _a20260630d u||y0pory50 ba | ||
| 101 | _apor | ||
| 102 | _aPT | ||
| 200 |
_aAnita no ballet _fGilbert Delahaye _gMarcel Marlier |
||
| 210 |
_aLisboa _cEditorial Verbo _d[19--?] |
||
| 215 |
_a20, [1] p. _cil. ; encadernado _d26 cm |
||
| 225 |
_aVerbo Infantil _h64 |
||
| 606 |
_944 _aLiteratura Infantil Francesa |
||
| 675 |
_a821.133.1-93 _vPT _zpor |
||
| 700 |
_91457 _aDelahaye _bGilbert _f1923-1997 |
||
| 702 |
_91458 _aMarlier _bMarcel (ilustração) _f1930-2011 |
||
| 801 |
_aPT _bBMMN _gRPC |
||
| 830 | _cIsabel | ||
| 990 | _cLIVROS | ||